000 00501nam a22001577a 4500
003 0
005 20220725091741.0
008 220725b xxu||||| |||| 00| 0 eng d
020 _a978-621-04-2947-3
050 _aG155.7
_b.C67 2021
245 _aResearch tourism
_cGrant B. Cornell; Daryl Ace V. Cornell; Jame Monren T. Mercado
260 _aManila
_bRex book store Inc.,
_cc2021
300 _avi, 226pp.
_c24cm.
_eIncludes references and index.
_fBook
500 _aTourism research.
942 _2lcc
_cBK
999 _c364743
_d364743